<?xml version="1.0" encoding="UTF-8"?><?xml-stylesheet type="text/xsl" href="static/style.xsl"?><OAI-PMH xmlns="http://www.openarchives.org/OAI/2.0/" xmlns:xsi="http://www.w3.org/2001/XMLSchema-instance" xsi:schemaLocation="http://www.openarchives.org/OAI/2.0/ http://www.openarchives.org/OAI/2.0/OAI-PMH.xsd"><responseDate>2026-04-17T17:06:06Z</responseDate><request verb="GetRecord" identifier="oai:www.recercat.cat:2445/222546" metadataPrefix="marc">https://recercat.cat/oai/request</request><GetRecord><record><header><identifier>oai:recercat.cat:2445/222546</identifier><datestamp>2025-12-04T19:08:42Z</datestamp><setSpec>com_2072_1057</setSpec><setSpec>col_2072_478858</setSpec><setSpec>col_2072_478908</setSpec><setSpec>col_2072_478917</setSpec></header><metadata><record xmlns="http://www.loc.gov/MARC21/slim" xmlns:dcterms="http://purl.org/dc/terms/" xmlns:xsi="http://www.w3.org/2001/XMLSchema-instance" xmlns:doc="http://www.lyncode.com/xoai" xsi:schemaLocation="http://www.loc.gov/MARC21/slim http://www.loc.gov/standards/marcxml/schema/MARC21slim.xsd">
   <leader>00925njm 22002777a 4500</leader>
   <datafield ind2=" " ind1=" " tag="042">
      <subfield code="a">dc</subfield>
   </datafield>
   <datafield ind2=" " ind1=" " tag="720">
      <subfield code="a">Delgado, M. Eugenia</subfield>
      <subfield code="e">author</subfield>
   </datafield>
   <datafield ind2=" " ind1=" " tag="720">
      <subfield code="a">Naranjo Suárez, Salvador</subfield>
      <subfield code="e">author</subfield>
   </datafield>
   <datafield ind2=" " ind1=" " tag="720">
      <subfield code="a">Ramirez Pedraza, Marta</subfield>
      <subfield code="e">author</subfield>
   </datafield>
   <datafield ind2=" " ind1=" " tag="720">
      <subfield code="a">Cárdenas, Beatriz I.</subfield>
      <subfield code="e">author</subfield>
   </datafield>
   <datafield ind2=" " ind1=" " tag="720">
      <subfield code="a">Gallardo Martínez, Carmen</subfield>
      <subfield code="e">author</subfield>
   </datafield>
   <datafield ind2=" " ind1=" " tag="720">
      <subfield code="a">Balvey Gil, Alexandra</subfield>
      <subfield code="e">author</subfield>
   </datafield>
   <datafield ind2=" " ind1=" " tag="720">
      <subfield code="a">Belloc Rocasalbas, Eulàlia</subfield>
      <subfield code="e">author</subfield>
   </datafield>
   <datafield ind2=" " ind1=" " tag="720">
      <subfield code="a">Martín Ortega, Judit</subfield>
      <subfield code="e">author</subfield>
   </datafield>
   <datafield ind2=" " ind1=" " tag="720">
      <subfield code="a">Boyle, Mark</subfield>
      <subfield code="e">author</subfield>
   </datafield>
   <datafield ind2=" " ind1=" " tag="720">
      <subfield code="a">Méndez de la Iglesia, Raúl</subfield>
      <subfield code="e">author</subfield>
   </datafield>
   <datafield ind2=" " ind1=" " tag="720">
      <subfield code="a">Fernández Lobato, Mercedes</subfield>
      <subfield code="e">author</subfield>
   </datafield>
   <datafield ind2=" " ind1=" " tag="260">
      <subfield code="c">2025-07-24T10:12:49Z</subfield>
   </datafield>
   <datafield ind2=" " ind1=" " tag="260">
      <subfield code="c">2025-07-24T10:12:49Z</subfield>
   </datafield>
   <datafield ind2=" " ind1=" " tag="260">
      <subfield code="c">2025-03-03</subfield>
   </datafield>
   <datafield ind2=" " ind1=" " tag="260">
      <subfield code="c">2025-07-23T09:59:29Z</subfield>
   </datafield>
   <datafield ind2=" " ind1=" " tag="520">
      <subfield code="a">Background &amp; Aims&#xd;
Liver cancer is a significant global health issue, with its incidence rising in parallel with the obesity epidemic. The limited therapeutic options available emphasize the need for a better understanding of the molecular pathways involved in its pathogenesis. While much of the previous research has focused on transcriptional changes, this study examines translational alterations, specifically the role of cytoplasmic polyadenylation element binding protein 4 (CPEB4), a key regulator of translation.&#xd;
Methods&#xd;
We analyzed publicly available patient databases and conducted studies using human and mouse liver cancer cells, xenograft and allograft models, mouse models of high-fat diet-related liver cancer, and CPEB4 knockout and knockdown mice and cell lines.&#xd;
Results&#xd;
Patient data analysis (n = 87) showed a strong correlation between low CPEB4 levels and reduced survival rates (p &lt;0.001). In mouse models of diet-induced liver cancer (n = 10–15 per group), both systemic and hepatocyte-specific CPEB4 knockout mice exhibited significantly increased tumor burden compared with wild-type controls (p &lt;0.05). In vitro studies using human and murine liver cancer cells (n = 3 biological replicates) demonstrated reduced sensitivity to ferroptosis upon CPEB4 depletion when induced by erastin or RSL3 (p &lt;0.01). Mechanistically, CPEB4 deficiency suppressed hepcidin expression, leading to elevated ferroportin levels, decreased intracellular iron accumulation, and reduced lipid peroxidation (p &lt;0.05).&#xd;
Conclusions&#xd;
This study uncovers a novel CPEB4-dependent mechanism linking translational control to liver cancer progression and ferroptosis regulation. Therapeutic strategies targeting CPEB4-mediated pathways hold promise for advancing treatment options in liver cancer.</subfield>
   </datafield>
   <datafield tag="653" ind2=" " ind1=" ">
      <subfield code="a">Càncer de fetge</subfield>
   </datafield>
   <datafield tag="653" ind2=" " ind1=" ">
      <subfield code="a">Marcadors tumorals</subfield>
   </datafield>
   <datafield tag="653" ind2=" " ind1=" ">
      <subfield code="a">Liver cancer</subfield>
   </datafield>
   <datafield tag="653" ind2=" " ind1=" ">
      <subfield code="a">Tumor markers</subfield>
   </datafield>
   <datafield ind2="0" ind1="0" tag="245">
      <subfield code="a">CPEB4 modulates liver cancer progression by translationally regulating hepcidin expression and sensitivity to ferroptosis</subfield>
   </datafield>
</record></metadata></record></GetRecord></OAI-PMH>